| 000 | 00578nam a2200253Ia 4500 | ||
|---|---|---|---|
| 003 | OSt | ||
| 005 | 20220912152859.0 | ||
| 006 | a|||||r|||| 00| 0 | ||
| 007 | ta | ||
| 008 | 220909b |||||||| |||| 00| 0 eng d | ||
| 024 | _a33243 | ||
| 037 | _cTextual | ||
| 040 |
_aCSL _beng _cCSL |
||
| 041 | _aeng | ||
| 082 | _aY173z7, L4 | ||
| 100 | _aTurner Roy | ||
| 245 | 0 | _aEthnomethodology | |
| 260 | _c1974 | ||
| 300 |
_ap. _ccm. |
||
| 650 | _a Anthropology | ||
| 650 | _aEthnology | ||
| 942 |
_hY173z7, L4 _cTEXL _2CC |
||
| 999 |
_c92744 _d92744 |
||